Pacific Countries and Territories on a Map - Statistics

General Stats
  • This quiz has been taken 353 times
  • The average score is 52 of 66
Answers on the Map
Answers color-coded by a green-red scale on the quiz's map according to % correct below.
 
Answer Stats
Indice Réponse % Correct
Country Australia
98%
Country New Zealand
98%
Country United States
98%
Country China
97%
Country F. S. of Micronesia
97%
Country Indonesia
97%
Country Japan
97%
Country Kiribati
97%
Country Malaysia
97%
Country North Korea
97%
Country Papua New Guinea
97%
Country Philippines
97%
Country Russia
97%
Country South Korea
97%
Country Vietnam
97%
Country Cambodia
96%
Country Marshall Islands
96%
Country Samoa
96%
Country Taiwan
96%
Country Thailand
96%
Country Fiji
95%
Country Mexico
95%
Country Solomon Islands
95%
Country Canada
94%
Country Chile
94%
Country Colombia
94%
Country Guatemala
94%
Special administrative region of China Hong Kong
94%
Country Nicaragua
94%
Country Panama
94%
Country Vanuatu
94%
Country Costa Rica
93%
Country Ecuador
93%
Country Honduras
93%
Country Palau
93%
Country Peru
93%
Country El Salvador
92%
Country Tonga
92%
Country Tuvalu
92%
Country East Timor
91%
Country Nauru
90%
Country Brunei
89%
Country Singapore
84%
French overseas territory French Polynesia
82%
Territories of the United States Guam
82%
Special administrative region of China Macau
82%
French overseas territory New Caledonia
81%
Territories of the United States American Samoa
76%
Special territory of Chile Easter Island
75%
Free association with New Zealand Cook Islands
70%
Territories of the United States Northern Mariana Islands
68%
Free association with New Zealand Niue
67%
British Overseas Territory Pitcairn Islands
60%
French overseas territory Wallis and Futuna
56%
External territory of Australia Norfolk Island
52%
Dependent territory of New Zealand Tokelau
51%
Territories of the United States Midway Atoll
47%
External territory of Australia Coral Sea Islands
37%
Territories of the United States Wake Island
30%
French State private property Clipperton Island
29%
Territories of the United States Johnston Atoll
27%
Territories of the United States Baker Island
25%
Territories of the United States Jarvis Island
24%
Territories of the United States Howland Island
21%
Territories of the United States Palmyra Atoll
20%
Territories of the United States Kingman Reef
19%
No matching quizzes found
Score Distribution
Percent of People with Each Score
Percentile by Number Answered
Your Score History
You have not taken this quiz